000 00388nam a22001577a 4500
005 20180425120913.0
008 160701b xxu||||| |||| 00| 0 eng d
041 _aeng
082 _b20542
_a510.2462
100 _aGrewal, BS
_9834
245 _aHigher engineering mathematics
260 _bKhanna Publication
_c2015
300 _a1309
650 _aDiploma Engineering
_9817
942 _cBK
999 _c5091
_d5089